00689nam a2200193 a 450000100100000000500170001000800410002702000150006804000250008308200150010810000320012324500660015526000520022130000210027350000380029450400330033295201130036599900170047800002212520200930011607.0100917s2006 dr 000 0 spa d a8493340022 aDO-SdBNPbspacBNPHU axxxbD111c1 aD Abate, Juan Carlos94582710aComo funciona el parlamento argentino /cJuan Carlos D Abate. aBuenos Aires :bArtes Gráficas Delsur,c2006. a260 p. ;c24 cm. aIncluye notas al pie de páginas aBibliografías : p. 255-260 0010718PDaPDbPDcCTd2010-09-17iLF1l0oxxx D111cp22125-10r2020-06-25w2020-06-25yLFPDZNo se presta c21623d21623